Ecstasy : (Record no. 13645)

000 -LEADER
fixed length control field 00596nam a2200193 a 4500
001 - CONTROL NUMBER
control field :::00011468$&:&@@
003 - CONTROL NUMBER IDENTIFIER
control field OkBaRHE
005 - DATE AND TIME OF LATEST TRANSACTION
control field 20100331150301.0
008 - FIXED-LENGTH DATA ELEMENTS--GENERAL INFORMATION
fixed length control field s1980 j 000 0 eng u
020 ## - INTERNATIONAL STANDARD BOOK NUMBER
International Standard Book Number 0840757174
040 ## - CATALOGING SOURCE
Transcribing agency
100 1# - MAIN ENTRY--PERSONAL NAME
Personal name Sumrall, Lester Frank, 1913-
245 10 - TITLE STATEMENT
Title Ecstasy :
Remainder of title finding joy in living
Statement of responsibility, etc by Lester Sumrall.
260 ## - PUBLICATION, DISTRIBUTION, ETC. (IMPRINT)
Place of publication, distribution, etc Nashville
Name of publisher, distributor, etc thomas Nelson Publishers
Date of publication, distribution, etc 1980
300 ## - PHYSICAL DESCRIPTION
Extent 161 p. ;
Dimensions 21 cm.
650 ## - SUBJECT ADDED ENTRY--TOPICAL TERM
Topical term or geographic name as entry element Ecstasy.
942 ## - ADDED ENTRY ELEMENTS (KOHA)
Source of classification or shelving scheme
Koha item type Books
Copies
Barcode Full call number Withdrawn status Damaged status Date acquired Source of classification or shelving scheme Copy number Lost status Price effective from Not for loan Shelving location Current Location Permanent Location Date last seen Koha item type
11468BV 5091 .E3 S9  2010-04-14 1 2010-04-14 General StacksRHEMA Bible Training CollegeRHEMA Bible Training College2014-04-21Books